000 00567nam a2200193Ia 4500
008 151119s9999||||xx |||||||||||||| ||und||
082 _a500
082 _bGKKV8747
100 _aकृष्णकुमार
245 _aविश्व आपलं कुटुंब
260 _a--
260 _b--
260 _c0
600 _aकृष्णकुमार
630 _aविश्व आपलं कुटुंब
700 _aकृष्णकुमार
730 _aविश्व आपलं कुटुंब
942 _cBOOK
999 _c1063151
_d1063148